000 00447nam a22001697a 4500
999 _c526719
_d526719
003 NUST
038 _awaseem
082 _a891.423
_bMAN
100 _aMansha Yad
_917711
245 _aTawan tawan tara /
_cMansha Yad
260 _aIslamabad :
_bDost Publications,
_c1997.
300 _a578 p. ;
500 _aHardcover.
880 _6100-01\r
_aمنشا یاد
880 _6245-02\r
_aٹان٘واں ٹان٘واں تارا /
942 _2ddc
_cBK